Antonii Genuensis... Elementorum artis logico-criticae librí V. (Record no. 154281)

MARC details
000 -LEADER
campo de control de longitud fija 00873nam a22002295i 4500
001 - NÚMERO DE CONTROL
campo de control 154281
003 - IDENTIFICADOR DE NÚMERO DE CONTROL
campo de control ES-MaACL
005 - FECHA Y HORA DE LA ÚLTIMA TRANSACCIÓN
campo de control 20250804062749.0
008 - DATOS DE LONGITUD FIJA--INFORMACIÓN GENERAL
campo de control de longitud fija 940202s1779 it |||| | lat d
040 ## - FUENTE DE CATALOGACIÓN
Centro catalogador/agencia de origen CYL
Lengua de catalogación spa
100 1# - ENTRADA PRINCIPAL--NOMBRE DE PERSONA
Nombre de persona Genovesi, Antonio,
Fechas asociadas al nombre 1713-1769
9 (RLIN) 56347
245 10 - MENCIÓN DEL TÍTULO
Título Antonii Genuensis... Elementorum artis logico-criticae librí V.
250 ## - MENCION DE EDICION
Mención de edición Editio novissima ad pastrema neapolitanam ab auctore novis curis recognitam, denuo emendatam et plus tertia parte amplificatam...
260 ## - PUBLICACIÓN, DISTRIBUCIÓN, ETC.
Lugar de publicación, distribución, etc. Bassani sed prostant Venetiis :
Nombre del editor, distribuidor, etc. apud Remondini,
Fecha de publicación, distribución, etc. 1779.
300 ## - DESCRIPCIÓN FÍSICA
Extensión XVI, 352 p. ;
Dimensiones 8º.
597 ## - NOTA DE DESCRIPCIÓN FÍSICA
NOTA DE DESCRIPCIÓN FÍSICA Sign.: a8, A-Y8.
597 ## - NOTA DE DESCRIPCIÓN FÍSICA
NOTA DE DESCRIPCIÓN FÍSICA Port. con orla tip.
650 07 - PUNTO DE ACCESO ADICIONAL DE MATERIA--TÉRMINO DE MATERIA
Término de materia o nombre geográfico como elemento de entrada Filosofía
Fuente del encabezamiento o término embne
9 (RLIN) 12802
650 #4 - PUNTO DE ACCESO ADICIONAL DE MATERIA--TÉRMINO DE MATERIA
Término de materia o nombre geográfico como elemento de entrada Lógica-
Subdivisión de forma Obras anteriores a 1800.
9 (RLIN) 155343
852 ## - LOCALIZACIÓN
Ubicación ES-MaACL
Número de control de estantería R-893
Nota libre -- Enc. perg.
Encuadernación Olim: G-1262
Holdings
Estatus retirado Estado de pérdida Estado de daño No para préstamo Colección Biblioteca de origen Biblioteca actual Ubicación en estantería Fecha de adquisición Fuente de adquisición Total de préstamos Signatura topográfica completa Código de barras Visto por última vez Precio de reemplazo Tipo de ítem Koha
        Libros del s. XVIII Biblioteca del Ateneo de Madrid Biblioteca del Ateneo de Madrid Depósito 17/01/2008     R-893 1161331 23/02/2023 23/02/2023 Libro impreso antiguo